Zobrané poviedky (1989-1995). 3, Jesenná (zato) silná láska /
Uložené v:
| Hlavný autor: | |
|---|---|
| Médium: | Kniha |
| Jazyk: | Slovak |
| Vydané: |
Levice :
Koloman Kertész Bagala,
2003.
|
| Vydanie: | Vyd. 1. |
| Témy: | |
| ISBN: |
8089129102 (viaz.) |
| Fyzický popis: |
234 s. ; 21 cm. |
| Tagy: |
Pridať tag
Žiadne tagy, Buďte prvý kto otaguje tento záznam!
|
Titul je dostupný aj v ... 

MARC
| LEADER | 00000nam a2200000 a 4500 | ||
|---|---|---|---|
| 001 | 000000518 | ||
| 003 | SVKK | ||
| 005 | 20071123110542.0 | ||
| 008 | 040310s2003 xo g 000 j slo d | ||
| 020 | |a 8089129102 (viaz.) | ||
| 040 | |a SVKKK |b slo |c SVKKK |e AACR2 | ||
| 041 | 0 | |a slo | |
| 044 | |a xo |c SK | ||
| 072 | 7 | |a 821.162.4-3 |x Slovenská próza |2 konspekt | |
| 080 | |a 821.162.4-32 |2 2001 | ||
| 080 | |a (0:82-32) |2 2001 | ||
| 100 | 1 | |a Sloboda, Rudolf, |d 1938-1995 | |
| 245 | 1 | 0 | |a Zobrané poviedky (1989-1995). |n 3, |p Jesenná (zato) silná láska / |c Rudolf Sloboda. |
| 246 | 3 | 0 | |a Jesenná (zato) silná láska |
| 250 | |a Vyd. 1. | ||
| 260 | |a Levice : |b Koloman Kertész Bagala, |c 2003. | ||
| 300 | |a 234 s. ; |c 21 cm. | ||
| 655 | 7 | |a slovenské poviedky |2 SVKKKPH | |
| 910 | |a svkkk | ||
| 919 | |a 80-89129-10-2 | ||
| 998 | |a BK | ||
| 090 | |g SCKHL |k Sklad Pribinova prízemie |a IV.190261 |j 959955 |i 2720021070 |s Absenčne | ||
| 090 | |g SCKHL |k Sklad Pribinova prízemie |a IV.200702 |j 993411 |i 2720077780 |s Absenčne | ||